[Event "EU-Cup 13th final"]
[Site "Kazan"]
[Date "1997.12.28"]
[Round "1"]
[White "Oll, Lembit"]
[Black "Zilberman, Yaacov"]
[Result "1-0"]
[WhiteElo "2645"]
[BlackElo "2560"]
[PlyCount "113"]
[EventDate "1997.12.28"]
[EventType "team-k.o."]
[EventRounds "4"]
[EventCountry "RUS"]
[SourceTitle "EXT 2020"]
[Source "ChessBase"]
[SourceDate "2019.10.17"]
[SourceVersion "1"]
[SourceVersionDate "2019.10.17"]
[SourceQuality "1"]
[WhiteTeam "Warszawa Polonia"]
[BlackTeam "Herzliya"]
[WhiteTeamCountry "POL"]
[BlackTeamCountry "ISR"]

1. e4 Nf6 2. e5 Nd5 3. d4 d6 4. Nf3 Bg4 5. Be2 e6 6. 0-0 Be7 7. c4 Nb6 8. Nc3 0-0 9. Be3 a6 10. b3 N8d7 11. exd6 cxd6 12. d5 e5 13. Ne1 Bxe2 14. Qxe2 Bg5 15. Nd3 Bxe3 16. Qxe3 Nf6 17. f4 Nbd7 18. fxe5 Ng4 19. Qg3 Ngxe5 20. Nxe5 Nxe5 21. Kh1 Rc8 22. Ne4 f6 23. a4 Kh8 24. a5 h6 25. Qh3 Rc7 26. Ng3 Rcf7 27. Nf5 Re8 28. Qg3 Qd7 29. h3 g6 30. Nd4 Kh7 31. Ne6 Qe7 32. Rae1 Rc8 33. Rf4 Rg8 34. Qe3 f5 35. c5 g5 36. Rf2 Ng6 37. b4 Qd7 38. Qd3 f4 39. Rfe2 Qa4 40. Re4 f3 41. gxf3 Qd7 42. f4 dxc5 43. bxc5 Kh8 44. fxg5 Rf5 45. d6 hxg5 46. Qe2 Rd5 47. Qh5+ Qh7 48. Qxh7+ Kxh7 49. Rb4 Kh6 50. Rxb7 Ne5 51. Rf1 Rh8 52. Rf6+ Kh5 53. Rb4 Rh7 54. Rd4 Rxd4 55. Nxd4 Rb7 56. c6 Rb4 57. c7 1-0

[Event "FIDE-Wch k.o."]
[Site "Groningen"]
[Date "1997.12.11"]
[Round "2.1"]
[White "Morozevich, Alexander"]
[Black "Oll, Lembit"]
[Result "0-1"]
[WhiteElo "2590"]
[BlackElo "2645"]
[PlyCount "96"]
[EventDate "1997.12.09"]
[EventType "k.o."]
[EventRounds "7"]
[EventCountry "NED"]
[SourceTitle "CBM 063"]
[Source "ChessBase"]
[SourceDate "1998.03.26"]
[SourceVersion "1"]
[SourceVersionDate "1998.03.26"]
[SourceQuality "1"]

1. e4 c6 2. d4 d5 3. exd5 cxd5 4. Bd3 Nc6 5. c3 Nf6 6. Bf4 Bg4 7. Qb3 Qd7 8. Nd2 e6 9. Ngf3 Bxf3 10. Nxf3 Bd6 11. Bxd6 Qxd6 12. Qxb7 Rb8 13. Qa6 0-0 14. Bb5 Rb6 15. Qa4 Ne7 16. b3 Ne4 17. Rc1 Rc8 18. Bd3 Ng6 19. Ne5 Nc5 20. dxc5 Qxe5+ 21. Kd2 Rxc5 22. g3 Qb8 23. f4 Ne7 24. h4 Rc8 25. h5 h6 26. Rc2 Nc6 27. Kc1 e5 28. Rd1 e4 29. Ba6 Rd8 30. Be2 Qd6 31. Kb1 Qf6 32. Qa3 d4 33. cxd4 Nxd4 34. Rcd2 Rbd6 35. Qb4 Kh7 36. Bg4 e3 37. Rd3 a5 38. Qc5 Rd5 39. Qc4 Nb5 40. Qxb5 Rxb5 41. Rxd8 a4 42. R8d6 Qe7 43. Be2 Rb8 44. Rd7 Qa3 45. Bd3+ Kg8 46. Bc4 axb3 47. Bxf7+ Kf8 48. Bxb3 e2 0-1

[Event "FIDE-Wch k.o."]
[Site "Groningen"]
[Date "1997.12.10"]
[Round "1.2"]
[White "Oll, Lembit"]
[Black "Petursson, Margeir"]
[Result "1/2-1/2"]
[WhiteElo "2645"]
[BlackElo "2555"]
[PlyCount "38"]
[EventDate "1997.12.09"]
[EventType "k.o."]
[EventRounds "7"]
[EventCountry "NED"]
[SourceTitle "CBM 208"]
[Source "ChessBase"]
[SourceDate "2022.06.30"]
[SourceVersion "1"]
[SourceVersionDate "2022.06.30"]
[SourceQuality "1"]

1. d4 Nf6 2. Nf3 d6 3. g3 Nbd7 4. Bg2 e5 5. c4 Be7 6. Nc3 0-0 7. 0-0 c6 8. Qc2 Qc7 9. b3 Re8 10. Bb2 Bf8 11. dxe5 dxe5 12. Ne4 h6 13. Nfd2 Nh7 14. c5 f5 15. Qc4+ Kh8 16. Qf7 Qd8 17. Qxf5 Nxc5 18. Qh5 Re6 19. Rad1 g6 1/2-1/2

[Event "FIDE-Wch k.o."]
[Site "Groningen"]
[Date "1997.12.09"]
[Round "1.1"]
[White "Petursson, Margeir"]
[Black "Oll, Lembit"]
[Result "0-1"]
[WhiteElo "2555"]
[BlackElo "2645"]
[PlyCount "78"]
[EventDate "1997.12.09"]
[EventType "k.o."]
[EventRounds "7"]
[EventCountry "NED"]
[SourceTitle "CBM 208"]
[Source "ChessBase"]
[SourceDate "2022.06.30"]
[SourceVersion "1"]
[SourceVersionDate "2022.06.30"]
[SourceQuality "1"]

1. d4 Nf6 2. c4 e6 3. Nf3 d5 4. g3 dxc4 5. Bg2 Nc6 6. 0-0 Rb8 7. a4 a6 8. a5 b5 9. axb6 cxb6 10. Bf4 Bd6 11. Ne5 Ne7 12. e4 0-0 13. Bg5 b5 14. Nc3 Bb7 15. Bxf6 gxf6 16. Ng4 Ng6 17. h4 b4 18. Ne2 f5 19. exf5 Bxg2 20. Kxg2 exf5 21. Nh6+ Kh8 22. Nxf5 Rb5 23. d5 Be5 24. h5 Ne7 25. Nxe7 Qxe7 26. Qc2 Rc8 27. Qf5 Rd8 28. Rxa6 Rbxd5 29. Nf4 Bxf4 30. Qxf4 Rxh5 31. Qxc4 Qd7 32. g4 Rh4 33. Kg3 Rxg4+ 34. Qxg4 Qd3+ 35. Kh2 Qxa6 36. Qh4 Rd6 37. Qxb4 Rh6+ 38. Kg2 Qg6+ 39. Kf3 Qd3+ 0-1

[Event "Maroczy Memorial"]
[Site "Szeged"]
[Date "1997.11.16"]
[Round "3"]
[White "Ivanisevic, Ivan"]
[Black "Oll, Lembit"]
[Result "1/2-1/2"]
[WhiteElo "2540"]
[BlackElo "2645"]
[PlyCount "31"]
[EventDate "1997.11.14"]
[EventType "tourn"]
[EventRounds "9"]
[EventCountry "HUN"]
[EventCategory "13"]
[SourceTitle "CBM 062"]
[Source "ChessBase"]
[SourceDate "1998.01.31"]
[SourceVersion "1"]
[SourceVersionDate "1998.01.31"]
[SourceQuality "1"]

1. d4 d5 2. c4 e6 3. Nc3 Be7 4. Nf3 Nf6 5. Bg5 h6 6. Bh4 0-0 7. e3 Nbd7 8. Rc1 c6 9. Bd3 dxc4 10. Bxc4 Nd5 11. Bg3 Nxc3 12. bxc3 b6 13. 0-0 Bb7 14. Qe2 Nf6 15. Rfd1 Ne4 16. Bd3 1/2-1/2

[Event "Lee Cup 4th"]
[Site "Beijing"]
[Date "1997.09.03"]
[Round "10"]
[White "Pigusov, Evgeny"]
[Black "Oll, Lembit"]
[Result "1-0"]
[WhiteElo "2560"]
[BlackElo "2645"]
[PlyCount "37"]
[EventDate "1997.08.23"]
[EventType "swiss"]
[EventRounds "11"]
[EventCountry "CHN"]
[SourceTitle "CBM 061"]
[Source "ChessBase"]
[SourceDate "1997.11.23"]
[SourceVersion "1"]
[SourceVersionDate "1997.11.23"]
[SourceQuality "1"]

1. Nf3 d5 2. g3 Bg4 3. Bg2 Nd7 4. c4 e6 5. d3 c6 6. 0-0 Ngf6 7. cxd5 exd5 8. Qc2 Be7 9. e4 Nc5 10. Ne5 Be6 11. Be3 d4 12. Bc1 0-0 13. Nd2 Qa5 14. f4 Rad8 15. f5 Bc8 16. Ndc4 Qc7 17. Bd2 Rfe8 18. Nxf7 Ncxe4 19. dxe4 1-0

[Event "Lee Cup 4th"]
[Site "Beijing"]
[Date "1997.08.24"]
[Round "2"]
[White "Oll, Lembit"]
[Black "Xu, Jun"]
[Result "1-0"]
[WhiteElo "2645"]
[BlackElo "2505"]
[PlyCount "73"]
[EventDate "1997.08.23"]
[EventType "swiss"]
[EventRounds "11"]
[EventCountry "CHN"]
[SourceTitle "CBM 061"]
[Source "ChessBase"]
[SourceDate "1997.11.23"]
[SourceVersion "1"]
[SourceVersionDate "1997.11.23"]
[SourceQuality "1"]

1. e4 c5 2. Nf3 d6 3. d4 cxd4 4. Nxd4 Nf6 5. Nc3 a6 6. Bg5 e6 7. f4 Be7 8. Qf3 Qc7 9. 0-0-0 Nc6 10. Nxc6 bxc6 11. e5 dxe5 12. fxe5 Nd5 13. Bxe7 Nxe7 14. Re1 Rb8 15. Qg3 Nf5 16. Qf2 0-0 17. Qc5 a5 18. b3 Rd8 19. Bc4 Bb7 20. Rhf1 Ba8 21. Ne4 a4 22. bxa4 Bb7 23. g4 Nh6 24. Nd6 Qe7 25. h3 Ra8 26. Bb3 Ba6 27. Rf3 Qh4 28. Re4 Qe7 29. Ref4 f6 30. Ne4 Qxc5 31. Nxc5 fxe5 32. Nxe6 exf4 33. Nxd8+ Kh8 34. Ne6 Bc8 35. Nc7 Rb8 36. Rxf4 Bd7 37. Rd4 1-0

[Event "Tan Chin Nam Cup 3rd "]
[Site "Beijing"]
[Date "1997.08.19"]
[Round "10"]
[White "Lin, Weiguo"]
[Black "Oll, Lembit"]
[Result "0-1"]
[WhiteElo "2470"]
[BlackElo "2645"]
[PlyCount "98"]
[EventDate "1997.08.11"]
[EventType "tourn"]
[EventRounds "11"]
[EventCountry "CHN"]
[EventCategory "12"]
[SourceTitle "CBM 061"]
[Source "ChessBase"]
[SourceDate "1997.11.23"]
[SourceVersion "1"]
[SourceVersionDate "1997.11.23"]
[SourceQuality "1"]

1. d4 Nf6 2. c4 e6 3. Nc3 Bb4 4. Nf3 c5 5. e3 0-0 6. Bd3 d5 7. 0-0 cxd4 8. exd4 dxc4 9. Bxc4 Nbd7 10. Bg5 h6 11. Bh4 Qa5 12. Rc1 Bxc3 13. bxc3 b5 14. Bb3 Bb7 15. Ne5 Rac8 16. Nxd7 Nxd7 17. f4 Rxc3 18. f5 Rxc1 19. Qxc1 Qb6 20. fxe6 fxe6 21. Rxf8+ Nxf8 22. Qc5 Qc6 23. Qxc6 Bxc6 24. a3 Kf7 25. Be1 Ng6 26. g3 Ne7 27. Kf2 Bd5 28. Bd1 Nc6 29. Ke3 a5 30. Bc2 Kf6 31. Bd1 b4 32. axb4 axb4 33. Be2 b3 34. Bc3 Ne7 35. h4 Nf5+ 36. Kf2 Nd6 37. Bd3 Be4 38. Be2 Bd5 39. Bd3 Be4 40. Be2 Bc2 41. Bb2 h5 42. Kf3 Kf5 43. Bf1 Be4+ 44. Ke3 Kg4 45. Kf2 Bd5 46. Be2+ Kh3 47. Bf1+ Kh2 48. Bd3 Ne8 49. Bc1 Nf6 0-1

[Event "Tan Chin Nam Cup 3rd "]
[Site "Beijing"]
[Date "1997.08.14"]
[Round "5"]
[White "Oll, Lembit"]
[Black "Atalik, Suat"]
[Result "1-0"]
[WhiteElo "2645"]
[BlackElo "2590"]
[PlyCount "145"]
[EventDate "1997.08.11"]
[EventType "tourn"]
[EventRounds "11"]
[EventCountry "CHN"]
[EventCategory "12"]
[SourceTitle "CBM 061"]
[Source "ChessBase"]
[SourceDate "1997.11.23"]
[SourceVersion "1"]
[SourceVersionDate "1997.11.23"]
[SourceQuality "1"]

1. d4 Nf6 2. c4 c5 3. d5 b5 4. cxb5 a6 5. b6 e6 6. Nc3 Nxd5 7. Nxd5 exd5 8. Qxd5 Nc6 9. Nf3 Be7 10. Ne5 0-0 11. Nxc6 dxc6 12. Qxd8 Rxd8 13. Bd2 Be6 14. e3 Rdb8 15. Ba5 Bd8 16. Bd3 Bxb6 17. Bc3 Rd8 18. Ke2 Bd5 19. Rhd1 c4 20. Bc2 Re8 21. g3 Rab8 22. Rab1 Bc5 23. Bd4 Bb4 24. f3 g6 25. g4 Bd6 26. h3 Be5 27. Bc3 Rb7 28. Kf2 f6 29. e4 Bf7 30. Ke3 g5 31. Bxe5 fxe5 32. Kd2 Be6 33. Kc3 Rf8 34. Rf1 h5 35. Bd1 hxg4 36. hxg4 Bxg4 37. Rg1 Bxf3 38. Rxg5+ Rg7 39. Rxe5 Rg1 40. Bc2 Rg2 41. Re1 Be2 42. Rf5 Rd8 43. Ba4 Bd3 44. Rf3 c5 45. Ree3 Bb1 46. e5 Rd3+ 47. Rxd3 Bxd3 48. Rf6 Re2 49. Rxa6 Rxe5 50. Bc2 Re2 51. Bxd3 cxd3 52. b3 d2 53. Rd6 d1Q 54. Rxd1 Rxa2 55. Rf1 Kg7 56. Rf3 Kg6 57. Kc4 Ra8 58. Kxc5 Rc8+ 59. Kd4 Rd8+ 60. Kc3 Rc8+ 61. Kb2 Rb8 62. Rf1 Kg7 63. Kc3 Rc8+ 64. Kd4 Rd8+ 65. Kc5 Rc8+ 66. Kd6 Rb8 67. Rb1 Kf7 68. b4 Ke8 69. Kc7 Rb5 70. Kc6 Rb8 71. b5 Kd8 72. Rd1+ Kc8 73. Rh1 1-0

[Event "EU-chT (Men) 11th"]
[Site "Pula"]
[Date "1997.05.??"]
[Round "9.2"]
[White "Oll, Lembit"]
[Black "Blatny, Pavel"]
[Result "1-0"]
[WhiteElo "2625"]
[BlackElo "2540"]
[PlyCount "86"]
[EventDate "1997.05.05"]
[EventType "team-swiss"]
[EventRounds "9"]
[EventCountry "CRO"]
[SourceTitle "CBM 057 Extra"]
[Source "ChessBase"]
[SourceDate "1997.05.01"]
[SourceVersion "1"]
[SourceVersionDate "1997.05.01"]
[SourceQuality "1"]
[WhiteTeam "Estonia"]
[BlackTeam "Czech Republic"]
[WhiteTeamCountry "EST"]
[BlackTeamCountry "CZE"]

1. d4 d5 2. Nf3 e6 3. g3 Nd7 4. Bg2 b5 5. e4 dxe4 6. Ng5 Bb7 7. 0-0 Ngf6 8. Nc3 Rb8 9. a3 Be7 10. Qe2 0-0 11. Rd1 e3 12. Bxe3 Bxg2 13. Kxg2 Nd5 14. Nxd5 exd5 15. Nf3 Bd6 16. Ne5 Qe8 17. Nc6 Rb6 18. Nb4 Qe4+ 19. Qf3 Qxf3+ 20. Kxf3 Bxb4 21. axb4 a6 22. Bf4 Rc6 23. c3 Re8 24. Re1 Kf8 25. g4 f6 26. h4 Rxe1 27. Rxe1 Kf7 28. g5 fxg5 29. hxg5 Re6 30. Rh1 Nb6 31. Rxh7 Na4 32. Be5 Rg6 33. Kg4 Kg8 34. Rh2 Nxb2 35. f4 Nc4 36. f5 Rc6 37. g6 Nd6 38. f6 gxf6 39. Bxf6 Nf7 40. gxf7+ Kxf7 41. Be5 Ke8 42. Rh8+ Kd7 43. Rh7+ Kc8 1-0